| 000 | 00720nam a2200169 i 4500 | ||
|---|---|---|---|
| 001 | 22425 | ||
| 003 | ES-MaACL | ||
| 005 | 20230906152708.0 | ||
| 007 | t| | ||
| 008 | 021202s1961 sp |||| | spa d | ||
| 100 | 1 |
_aAlonso García, Jorge. _920322 |
|
| 245 | 1 | 0 |
_aDos asnos a la posteridad / _cJorge Alonso García. |
| 260 |
_aJerez de la Frontera : _b[s.n., _c1961] ( _fImp. Jerez Industrial) |
||
| 300 |
_a134 p. ; _c22 cm. |
||
| 505 | 8 |
_aContiene: ; _tEl Conciensus ; _tLa iglesia de Rompealbercas ; _tEl árbol del diablo ; _tViaje al país de las letras ; _tLos amigos de las bromas ; _tTarde de toros en Juncaleja de la Zamarra ; _tLos cuatro cautivos del mar de la China ; _tSomarra |
|
| 852 |
_aES-MaACL _jC-21963 |
||
| 999 |
_c22425 _d22425 |
||